Chemical engineering kinetics (Record no. 6589)

000 -LEADER
fixed length control field 00510nam a2200193 4500
001 - CONTROL NUMBER
control field 6589
003 - CONTROL NUMBER IDENTIFIER
control field BD-DhUET
008 - FIXED-LENGTH DATA ELEMENTS--GENERAL INFORMATION
fixed length control field 700825s1970 nyua b 001 0 eng
040 ## - CATALOGING SOURCE
Transcribing agency 0
Modifying agency BD-DhUET
Original cataloging agency DLC
082 00 - DEWEY DECIMAL CLASSIFICATION NUMBER
Classification number 541.39
Item number SMI/1970
100 ## - MAIN ENTRY--PERSONAL NAME
Personal name Smith, J. M.
245 10 - TITLE STATEMENT
Title Chemical engineering kinetics
250 ## - EDITION STATEMENT
Edition statement 2nd ed.
260 ## - PUBLICATION, DISTRIBUTION, ETC. (IMPRINT)
Place of publication, distribution, etc. New York
Name of publisher, distributor, etc. McGraw-Hill
Date of publication, distribution, etc. 1970
300 ## - PHYSICAL DESCRIPTION
Extent xviii, 612p.
Other physical details ill.
490 0# - SERIES STATEMENT
Series statement McGraw-Hill chemical engineering series
650 #0 - SUBJECT ADDED ENTRY--TOPICAL TERM
Topical term or geographic name as entry element Kinetics : Physical chemistry
942 ## - ADDED ENTRY ELEMENTS (KOHA)
Koha item type General Book
Holdings
Koha item type Withdrawn status Koha date last seen Location (home branch) Piece designation (barcode) Copy number Shelving location Koha full call number Price effective from Not for loan Koha normalized classification for sorting Date acquired Damaged status Lost status Sublocation or collection (holding branch) Source of classification or shelving scheme
General Book 2014-12-04Central Library, BUET845761Circulation section541.39/SMI/19702014-12-04 541_390000000000000_SMI_19702014-12-04  Central Library, BUET 
General Book 2014-12-12Central Library, BUET298652Circulation section541.39/SMI/19702014-12-12 541_390000000000000_SMI_19702014-12-12  Central Library, BUET 
General Book 2014-12-12Central Library, BUET298673Circulation section541.39/SMI/19702014-12-12 541_390000000000000_SMI_19702014-12-12  Central Library, BUET 
General Book 2014-12-12Central Library, BUET298634Circulation section541.39/SMI/19702014-12-12 541_390000000000000_SMI_19702014-12-12  Central Library, BUET 
General Book 2015-03-11Central Library, BUET298715Circulation section541.39/SMI/19702015-03-11 541_390000000000000_SMI_19702015-03-11  Central Library, BUET 
General Book 2015-03-14Central Library, BUET298686Circulation section541.39/SMI/19702015-03-14 541_390000000000000_SMI_19702015-03-14  Central Library, BUET 
General Book 2015-03-14Central Library, BUET370457Circulation section541.39/SMI/19702015-03-14 541_390000000000000_SMI_19702015-03-14  Central Library, BUET 
General Book 2015-04-23Central Library, BUET298698Circulation section541.39/SMI/19702015-04-23 541_390000000000000_SMI_19702015-04-23  Central Library, BUET 
General Book 2015-04-23Central Library, BUET298599Circulation section541.39/SMI/19702015-04-23 541_390000000000000_SMI_19702015-04-23  Central Library, BUET 
General Book 2015-04-26Central Library, BUET2987010Circulation section541.39/SMI/19702015-04-26 541_390000000000000_SMI_19702015-04-26  Central Library, BUET 
General Book 2015-04-26Central Library, BUET2986111Circulation section541.39/SMI/19702015-04-26 541_390000000000000_SMI_19702015-04-26  Central Library, BUET 
General Book 2015-04-27Central Library, BUET2596712Circulation section541.39/SMI/19702015-04-27 541_390000000000000_SMI_19702015-04-27  Central Library, BUET 
General Book 2015-04-27Central Library, BUET2986013Circulation section541.39/SMI/19702015-04-27 541_390000000000000_SMI_19702015-04-27  Central Library, BUET 
Reading Item 2015-06-08Central Library, BUET2986214Reading section541.39/SMI/19702015-06-08 541_390000000000000_SMI_19702015-06-08  Central Library, BUET 
Reading Item 2015-06-08Central Library, BUET2986615Reading section541.39/SMI/19702015-06-08 541_390000000000000_SMI_19702015-06-08  Central Library, BUET 
Reading Item 2015-06-08Central Library, BUET2987216Reading section541.39/SMI/19702015-06-08 541_390000000000000_SMI_19702015-06-08  Central Library, BUET 
Reading Item 2015-06-08Central Library, BUET2986417Reading section541.39/SMI/19702015-06-08 541_390000000000000_SMI_19702015-06-08  Central Library, BUET